| 000 | 00628nam a22002417a 4500 | ||
|---|---|---|---|
| 003 | OSt | ||
| 005 | 20140310182913.0 | ||
| 008 | 130128t xxu||||| |||| 00| 0 eng d | ||
| 020 | _a9789715844505 | ||
| 050 |
_aBX 2350 _b.Q8 2006 |
||
| 082 |
_aFIL 248.4 _b.Q8 2006 |
||
| 245 |
_aChoices _cQuitain, Bobby _bMaking the One that Matters Most |
||
| 260 |
_aQuezon City _bC & E Publishing _cc2006 |
||
| 300 |
_axii, 228 p. _bill. _c22 cm. |
||
| 521 | _aCollege | ||
| 526 | _c1210L-1700L | ||
| 541 | _j1 | ||
| 541 | _j2 | ||
| 541 | _j3 | ||
| 541 | _j4 | ||
| 562 | _e4 | ||
| 942 |
_2lcc _cBK _kFIL |
||
| 999 |
_c17262 _d17262 |
||